000 00558nam a22001577a 4500
999 _c14842
_d14842
003 OSt
005 20200113154313.0
008 200113b ||||| |||| 00| 0 eng d
040 _c2
082 _aDPer 641.05 F73 Dec 2012-Nov 2013 v. 9-10, n. 6-5
245 _aThe Hot list:
_bThe 12 best foodservice news that defined 2012.
260 _aMakati City, Philippines:
_bHinge Inquirer Publications, Inc.,
_c©2012-2013.
300 _av9 n6, pages 20-22:
_billustrations;
_c28 cm.
500 _aFood and beverages: make a living with food.
942 _2ddc
_cPER